|
|
|
|
| LEADER |
00000cam a2200000 a 4500 |
| 001 |
vtls001345112 |
| 003 |
SK-MaSNL |
| 005 |
20260301200714.0 |
| 008 |
240226s1784 xo slo |
| 015 |
|
|
|a SNBHFA
|
| 035 |
|
|
|a SNK000298326
|
| 035 |
|
|
|a D2290772-6565-4A89-9ACC-8916C006E2EF
|
| 035 |
|
|
|a urn:nbn:sk:snk-am00idx8
|
| 040 |
|
|
|a SNKHFA
|b slo
|c SNKHFA
|e AACR2
|
| 041 |
0 |
|
|a slo
|
| 044 |
|
|
|a xo
|c SK
|
| 072 |
|
7 |
|a 27-4
|x Praktická teológia. Morálna teológia
|2 konspekt
|
| 080 |
|
|
|a 27-42
|2 2011
|
| 100 |
1 |
|
|a Bartolomeides, Ladislav,
|d 1754-1825
|4 aut
|9 182860
|
| 245 |
1 |
0 |
|a Spis Vžitečný a welmi potřebny
|b w nemž napomjna pilně k Ostřjhánj swych Mrawůw, a znamenitých Cnostjch, Kteremužto kdyby dobře wyrozumel, gistě nemalý vžjtek sobě odtud wzyti může
|c od Doktora Grobiana z vpřimnosti včinený
|
| 260 |
|
|
|a W B. Bistrycy
|b v Jana Jozefa Tumlera
|c 1784
|
| 300 |
|
|
|a 32 s.
|c 19 cm
|
| 500 |
|
|
|a Titulná strana s vinetou. Vinety. Vlys. Typografické ozdoby. Zložky. Kustody
|
| 504 |
|
|
|a Predslov
|
| 508 |
|
|
|a Autor podľa bibliografií
|
| 510 |
4 |
|
|a Petrik
|c III/421
|
| 510 |
4 |
|
|a Rizner
|c I/91/2
|
| 546 |
|
|
|a Predspisovná slovenčina
|b Fraktúra
|
| 561 |
|
|
|a Rkp.: S. Bodorovsky
|5 SNK SD 1014/5
|
| 650 |
0 |
7 |
|a morálna teológia
|2 SNKPH
|9 881
|
| 700 |
1 |
|
|a Tumler, Ján Jozef,
|d narodený 1754
|4 prt
|9 206237
|
| 700 |
1 |
|
|a Bodorovský, Samuel,
|d 1825-1891
|4 sgn
|9 340768
|
| 752 |
|
|
|a Slovensko
|d Banská Bystrica
|
| 852 |
|
|
|a Slovenská národná knižnica
|b Historické fondy
|
| 852 |
|
|
|a snk
|p SD 1014/5
|
| 958 |
|
|
|a ONDV
|
| 958 |
|
|
|a DD
|
| 999 |
|
|
|c 891730
|d 893660
|
| 952 |
|
|
|a SNK
|b SNK
|y PREZ
|7 0
|p 17A0164702
|o snkSD 1014/5
|i snk2555/28
|0 0
|1 0
|4 0
|d 1998-10-13
|f 1
|l 0
|r 2025-10-22 00:00:00
|w 2026-02-24
|
| 952 |
|
|
|a SNK
|b SNK
|y PREZ
|7 0
|p 17A0424756
|o snkSD 1014/5 D1
|i snkF 220/2004
|8 5
|0 0
|1 0
|4 0
|d 2004-03-22
|l 0
|r 2005-01-02 00:00:00
|w 2026-02-24
|